00808nam a2200241 a 45000010005000000030008000050050017000130080041000300350041000710350018001120400037001300410008001670820027001751000036002022450099002382600036003373000029003735000077004025040019004796500025004987000029005237000014005528180BD-RjUL20211208234534.0140118s1962 enka 001 0 eng d aCURL 020000147354(Edi) from jvsc0051 a(BD-RjUL)8225 aDLCcWSUdSERdm.cdBD-RjULbeng aeng 2 20a368.01 bFRO 19621 aHempel, Carl G.q(Carl Gustav),00aFrontiers of science and philosophy /cCarl G. Hempel ... [et al.] ; editor Robert G. Colodny. aLondon :bAllen & Unwin,c1964. a288 p. :bill. ;c23 cm. aOriginally published: Pittsburgh : University of Pittsburgh Press, 1962. aincludes index 0aSciencexPhilosophy.1 aColodny, Robert Garland.1 d1905-1997